[Event "Tenerife-chT Primera"]
[Site "Tenerife"]
[Date "2023.05.20"]
[Round "14"]
[White "Conan, Arthur Gabriel"]
[Black "Garcia Barrera, Jose Miguel"]
[Result "0-1"]
[WhiteElo "1168"]
[BlackElo "1289"]
[PlyCount "100"]
[EventDate "2023.01.14"]
[EventType "team-tourn"]
[EventRounds "14"]
[EventCountry "ESP"]
[SourceTitle "EXT 2024"]
[Source "ChessBase"]
[SourceDate "2023.10.10"]
[SourceVersion "1"]
[SourceVersionDate "2023.10.10"]
[SourceQuality "1"]
[WhiteTeam "Fundacion La Caja de Canarias"]
[BlackTeam "Caissa Enroque II"]
[WhiteTeamCountry "ESP"]
[BlackTeamCountry "ESP"]

1. e4 d6 2. d4 Nf6 3. Nc3 g6 4. Nf3 Bg7 5. Bg5 c6 6. Bd3 Bg4 7. h3 Bxf3 8. Qxf3 Nbd7 9. 0-0 0-0 10. Rad1 Qa5 11. Qe3 Rfe8 12. d5 c5 13. Bh6 Bh8 14. Qg3 a6 15. Bd2 Qc7 16. a4 Reb8 17. Bc4 Ne5 18. b3 Qd7 19. f4 Nh5 20. Qe1 Nxc4 21. bxc4 e5 22. f5 Qe7 23. Bh6 g5 24. h4 gxh4 25. Qe2 Nf6 26. Qf2 Ng4 27. Qd2 Bg7 28. Qg5 Qxg5 29. Bxg5 Bh6 30. Bxh6 Nxh6 31. Rf3 Ng4 32. Rh3 Kg7 33. Rdd3 b5 34. Rxh4 Nf6 35. axb5 axb5 36. Nxb5 Rb6 37. Rg3+ Kf8 38. Rc3 Ke7 39. Kf2 Rbb8 40. Kf3 Rg8 41. Rh6 Ra1 42. Nxd6 Rf1+ 43. Ke2 Rf4 44. Nb5 Rxg2+ 45. Ke1 Nxe4 46. Ra3 Rg1+ 47. Ke2 Rg2+ 48. Ke3 Rg3+ 49. Ke2 Rf2+ 50. Ke1 Rg1# 0-1

[Event "Tenerife-chT Tercera"]
[Site "Tenerife"]
[Date "2023.04.22"]
[Round "12"]
[White "Garcia Barrera, Jose Miguel"]
[Black "Amaya Garcia, Jose Jinosar"]
[Result "1/2-1/2"]
[WhiteElo "1289"]
[BlackElo "1420"]
[PlyCount "66"]
[EventDate "2023.01.14"]
[EventType "team-tourn"]
[EventRounds "15"]
[EventCountry "ESP"]
[SourceTitle "EXT 2024"]
[Source "ChessBase"]
[SourceDate "2023.10.10"]
[SourceVersion "1"]
[SourceVersionDate "2023.10.10"]
[SourceQuality "1"]
[WhiteTeam "Caissa Enroque III"]
[BlackTeam "Ebano Barrio Nuevo IV"]
[WhiteTeamCountry "ESP"]
[BlackTeamCountry "ESP"]

1. b3 d6 2. Nf3 Nf6 3. Bb2 e5 4. e3 Bg4 5. Be2 Be7 6. h3 Bh5 7. 0-0 0-0 8. c4 Re8 9. d4 e4 10. Nfd2 Bxe2 11. Qxe2 c6 12. Nc3 d5 13. a3 Na6 14. b4 Nc7 15. Rfc1 b6 16. Nb3 Ne6 17. cxd5 cxd5 18. b5 Rc8 19. Nd1 Qd7 20. a4 Rxc1 21. Rxc1 Rc8 22. Qd2 Rxc1 23. Nxc1 Ng5 24. Ne2 Qxh3 25. Nf4 Qc8 26. Nc3 Qd7 27. Qc1 Ne6 28. Nxe6 Qxe6 29. Na2 h6 30. Ba3 Bxa3 31. Qxa3 Qc8 32. Nb4 Qd7 33. Nc6 Kh7 1/2-1/2

[Event "Tenerife-chT Tercera"]
[Site "Tenerife"]
[Date "2023.02.11"]
[Round "5.2"]
[White "Mariani, Romeo"]
[Black "Garcia Barrera, Jose Miguel"]
[Result "0-1"]
[WhiteElo "1317"]
[BlackElo "1289"]
[PlyCount "68"]
[EventDate "2023.01.14"]
[EventType "team-tourn"]
[EventRounds "15"]
[EventCountry "ESP"]
[SourceTitle "EXT 2024"]
[Source "ChessBase"]
[SourceDate "2023.10.10"]
[SourceVersion "1"]
[SourceVersionDate "2023.10.10"]
[SourceQuality "1"]
[WhiteTeam "Arona CC"]
[BlackTeam "Caissa Enroque III"]
[WhiteTeamCountry "ESP"]
[BlackTeamCountry "ESP"]

1. c4 c5 2. g3 g6 3. Nc3 Bg7 4. Qc2 Nc6 5. Nf3 e5 6. Bg2 Nge7 7. 0-0 0-0 8. b3 d6 9. Bb2 Bd7 10. a3 a5 11. h4 Nd4 12. Nxd4 exd4 13. Nd5 Nxd5 14. Bxd5 Qc7 15. Kg2 h5 16. Qxg6 Rae8 17. d3 Re5 18. Rae1 Rxd5 19. Qe4 Rf5 20. Kh2 Re8 21. Qg2 Bc6 22. Qg1 Kh7 23. e3 dxe3 24. Bxg7 exf2 25. Rxf2 Rxf2+ 26. Qxf2 Kxg7 27. Rxe8 Bxe8 28. Qe3 Qd8 29. Qd2 Bc6 30. d4 cxd4 31. Qxd4+ Qf6 32. Qxf6+ Kxf6 33. Kg1 Ke5 34. Kf2 Kd4 0-1

[Event "Tenerife-chT Primera"]
[Site "Tenerife"]
[Date "2023.01.14"]
[Round "1.3"]
[White "Garcia Barrera, Jose Miguel"]
[Black "Mamani Beltran, Daniel"]
[Result "0-1"]
[WhiteElo "1289"]
[BlackElo "2003"]
[PlyCount "52"]
[EventDate "2023.01.14"]
[EventType "team-tourn"]
[EventRounds "14"]
[EventCountry "ESP"]
[SourceTitle "EXT 2024"]
[Source "ChessBase"]
[SourceDate "2023.10.10"]
[SourceVersion "1"]
[SourceVersionDate "2023.10.10"]
[SourceQuality "1"]
[WhiteTeam "Caissa Enroque II"]
[BlackTeam "Ebano Barrio Nuevo II"]
[WhiteTeamCountry "ESP"]
[BlackTeamCountry "ESP"]

1. b3 e5 2. Bb2 Nc6 3. e3 Nf6 4. Bb5 e4 5. d4 d5 6. Ne2 Bd6 7. c4 0-0 8. 0-0 Bxh2+ 9. Kh1 Ng4 10. g3 Bxg3 11. fxg3 Nxe3 12. Qc1 Nxf1 13. Qxf1 Bg4 14. Nd2 Qg5 15. Nf4 a6 16. Ba4 Ne7 17. Qf2 Nf5 18. Nxe4 dxe4 19. Re1 Qh6+ 20. Kg1 Bf3 21. Qh2 Qxh2+ 22. Kxh2 b5 23. cxb5 axb5 24. Bxb5 Rxa2 25. Rb1 Nxd4 26. Kh3 Nxb5 0-1

[Event "Fuerteventura-chT"]
[Site "Puerto del Rosario"]
[Date "2018.01.20"]
[Round "2.2"]
[White "Garcia Barrera, Jose Miguel"]
[Black "Gehrmann, Rudolf Rainer"]
[Result "0-1"]
[WhiteElo "1167"]
[BlackElo "2069"]
[PlyCount "50"]
[EventDate "2018.01.13"]
[EventType "team-tourn"]
[EventRounds "14"]
[EventCountry "ESP"]
[SourceTitle "EXT 2024"]
[Source "ChessBase"]
[SourceDate "2023.10.10"]
[SourceVersion "1"]
[SourceVersionDate "2023.10.10"]
[SourceQuality "1"]
[WhiteTeam "Dragones II"]
[BlackTeam "Taberna el Capitan"]
[WhiteTeamCountry "ESP"]
[BlackTeamCountry "ESP"]

1. d4 Nf6 2. c4 g6 3. Nc3 Bg7 4. Nf3 0-0 5. e4 d6 6. Be2 Nbd7 7. 0-0 c5 8. dxc5 Nxc5 9. Qc2 a5 10. Re1 Bd7 11. Bd3 Rc8 12. e5 Nxd3 13. Qxd3 Bf5 14. Qe2 dxe5 15. Nxe5 Re8 16. Be3 Nd7 17. Nxd7 Qxd7 18. Rac1 Bd3 19. Red1 Red8 20. Qd2 Qe8 21. b3 Bxc4 22. Qc2 Be6 23. Rxd8 Qxd8 24. Bd2 Bf5 25. Qd1 Bxc3 0-1